000 00792nam a2200205Ia 4500
008 0000002008 gw a 0000000000ger00
020 _a9783922268482
090 _aPSZ00 A52
245 1 0 _aAndy Denzler
_b: blur motion paintings
_c/ texte HansJoachim Muller ... [et al.] ; fotografie Mike Frei ... [et al.]
300 _a96 p.
_c/ 23 cm.
500 _aExposición realizada en Galerie von Braunbehrens, Munchen, Noviembre 15, 2007 Enero 11, 2008
600 0 0 _aDENZLER, ANDY, 1965/
_xTRABAJOS PICTORICOS
650 1 4 _aARTE CONTEMPORANEO SUIZO
650 1 4 _xCATALOGOS
650 1 4 _xEXPOSICIONES
650 1 4 _aPINTORES SUIZOS
650 1 4 _aPINTURA SUIZA
700 1 _aMuller, HansJoachin \ Frei, Mike
999 _c9127
_d9127
260 _aMunchen (Alemania) : Galerie von Braunbehrens
_c2008